Southville International School and Colleges
Your cart is empty.
  • Cart
  • Lists
    Public lists Eva Luna New books Lux_list list_1
    Your lists Log in to create your own lists
  • Log in to your account
  • Your cookies
  • Search history
Southville International School and Colleges
  • Advanced search
  • Recent comments
  • Most popular
  • Libraries

Log in to your account

Log in with GOOGLE


If you do not have an external account, but do have a local account, you can still log in:

  1. Home
  2. MARC view: Something rotten /
Normal view MARC view ISBD view

Something rotten / (Record no. 55)

[ view plain ]
MARC details
000 -LEADER
fixed length control field 01471cam a2200361 a 4500
001 - CONTROL NUMBER
control field 13551882
003 - CONTROL NUMBER IDENTIFIER
control field OSt
005 - DATE AND TIME OF LATEST TRANSACTION
control field 20140310181619.0
008 - FIXED-LENGTH DATA ELEMENTS--GENERAL INFORMATION
fixed length control field 040408s2004 nyua 000 1 eng
010 ## - LIBRARY OF CONGRESS CONTROL NUMBER
LC control number 2004049497
020 ## - INTERNATIONAL STANDARD BOOK NUMBER
International Standard Book Number 0670033596 (alk. paper)
040 ## - CATALOGING SOURCE
Original cataloging agency DLC
Transcribing agency DLC
Modifying agency DLC
043 ## - GEOGRAPHIC AREA CODE
Geographic area code e-uk---
050 00 - LIBRARY OF CONGRESS CALL NUMBER
Classification number PR 6106
Item number .F437 2004
082 00 - DEWEY DECIMAL CLASSIFICATION NUMBER
Classification number FIC
Item number F31s 2004
100 1# - MAIN ENTRY--PERSONAL NAME
Personal name Fforde, Jasper.
9 (RLIN) 17553
245 10 - TITLE STATEMENT
Title Something rotten /
Statement of responsibility, etc Jasper Fforde.
246 1# - VARYING FORM OF TITLE
Display text Title appears on item as:
Title proper/short title Thursday Next in Something rotten
260 ## - PUBLICATION, DISTRIBUTION, ETC. (IMPRINT)
Place of publication, distribution, etc New York :
Name of publisher, distributor, etc Viking,
Date of publication, distribution, etc c2004.
300 ## - PHYSICAL DESCRIPTION
Extent 385 p.
Other physical details ill. ;
Dimensions 22 cm.
650 #0 - SUBJECT ADDED ENTRY--TOPICAL TERM
Topical term or geographic name as entry element Next, Thursday (Fictitious character)
Form subdivision Fiction.
9 (RLIN) 17554
650 #0 - SUBJECT ADDED ENTRY--TOPICAL TERM
Topical term or geographic name as entry element Characters and characteristics in literature
Form subdivision Fiction.
9 (RLIN) 17555
650 #0 - SUBJECT ADDED ENTRY--TOPICAL TERM
Topical term or geographic name as entry element Women detectives
Geographic subdivision Great Britain
Form subdivision Fiction.
9 (RLIN) 17556
655 #7 - INDEX TERM--GENRE/FORM
Genre/form data or focus term Fantasy fiction.
Source of term gsafd
9 (RLIN) 3053
655 #7 - INDEX TERM--GENRE/FORM
Genre/form data or focus term Mystery fiction.
Source of term gsafd
9 (RLIN) 4089
856 42 - ELECTRONIC LOCATION AND ACCESS
Materials specified Contributor biographical information
Uniform Resource Identifier <a href="http://www.loc.gov/catdir/enhancements/fy0719/2004049497-b.html">http://www.loc.gov/catdir/enhancements/fy0719/2004049497-b.html</a>
856 42 - ELECTRONIC LOCATION AND ACCESS
Materials specified Publisher description
Uniform Resource Identifier <a href="http://www.loc.gov/catdir/enhancements/fy0719/2004049497-d.html">http://www.loc.gov/catdir/enhancements/fy0719/2004049497-d.html</a>
856 41 - ELECTRONIC LOCATION AND ACCESS
Materials specified Sample text
Uniform Resource Identifier <a href="http://www.loc.gov/catdir/enhancements/fy0719/2004049497-s.html">http://www.loc.gov/catdir/enhancements/fy0719/2004049497-s.html</a>
906 ## - LOCAL DATA ELEMENT F, LDF (RLIN)
a 7
b cbc
c orignew
d 1
e ocip
f 20
g y-gencatlg
942 ## - ADDED ENTRY ELEMENTS (KOHA)
Source of classification or shelving scheme Library of Congress Classification
Koha item type
Call number prefix
Holdings
Withdrawn status Lost status Source of classification or shelving scheme Damaged status Home library Current library Shelving location Date acquired Total Checkouts Full call number Barcode Date last seen Copy number Price effective from Koha item type
    Library of Congress Classification   Luxembourg Library Luxembourg Library Fiction Section 12/28/2011   PZ 7 .F437 2004 17035 08/13/2013 1 10/03/2013 Books

Something rotten /

APA

Fforde J., . (2004). Something rotten. New York: Viking.

Chicago

Fforde Jasper, . 2004. Something rotten. New York: Viking.

Harvard

Fforde J., . (2004). Something rotten. New York: Viking.

MLA

Fforde Jasper, . Something rotten. New York: Viking. 2004.

  • Place hold
  • Print
  • Cite
  • Add to your cart (remove)
  • Save record
    BIBTEX Dublin Core MARCXML MARC (non-Unicode/MARC-8) MARC (Unicode/UTF-8) MARC (Unicode/UTF-8, Standard) MODS (XML) RIS
  • More searches
    Search for this title in:
    Other Libraries (WorldCat) Other Databases (Google Scholar) Online Stores (Bookfinder.com) Open Library (openlibrary.org)

Exporting to Dublin Core...

SOUTHVILLE LIBRARY

Southville International School and Colleges Library

1281 Tropical Ave. Cor. Luxembourg St., BF Homes International, Las Pinas City

Tel. No. 8256374 / 252358 Loc. 117/146

Powered by Koha